شب ا نتظا ر گز ر ی ہے (Record no. 166696)

MARC details
000 -LEADER
fixed length control field 00626nam a22001937a 4500
005 - DATE AND TIME OF LATEST TRANSACTION
control field 20190805143833.0
010 ## - LCCN (DPL NO)
LC control number UR-10341
020 ## - INTERNATIONAL STANDARD BOOK NUMBER
Terms of availability 200.00
International Standard Book Number 9789388356374
035 ## - SYSTEM CONTROL NUMBER
System control number U-8896
037 ## - SOURCE OF ACQUISITION
Source of stock number/acquisition DBAD/PUB
082 ## - DEWEY DECIMAL CLASSIFICATION NUMBER
Classification number ن
100 ## - MAIN ENTRY--PERSONAL NAME
Personal name ا نو ا ر ا لحق
245 ## - TITLE STATEMENT
Title شب ا نتظا ر گز ر ی ہے
Statement of responsibility, etc ا نو ا ر ا لحق
246 ## - VARYING FORM OF TITLE
Remainder of title Shabe Intezar Guzri hai (Urdu)
Title proper/short title by Anwarul Haque
260 ## - PUBLICATION, DISTRIBUTION, ETC. (IMPRINT)
Place of publication, distribution, etc Delhi
Name of publisher, distributor, etc Educational Publishing House
Date of publication, distribution, etc 2018 ء
270 ## - ADDRESS
Address 3191,Vakil Sreet Kucha Pandit Lal Kuan
City Delhi
Postal code 110006
Telephone number 23216162
Fax number -
300 ## - PHYSICAL DESCRIPTION
Extent 188 ص
Dimensions 22 Cm(Hb)
942 ## - ADDED ENTRY ELEMENTS (KOHA)
Source of classification or shelving scheme Dewey Decimal Classification
Item type Urdu Bks
Classification part ن
Call number suffix ا ن و
Holdings
Withdrawn status Lost status Not for loan Collection code Home library Current library Date acquired Source of acquisition Cost, normal purchase price Full call number Barcode Copy number Cost, replacement price Koha item type
    Not For Loan Fiction D.B.Act.Division D.B.Act.Division 05/08/2019 DBAD/PUB 200.00 ن ا ن و U-8896 1 20000.00 Urdu Bks

© Delhi Public Library
Hit Counter
free hit counter